000 00860nam a2200205Ii 4500
003 JO-AjNU
008 230605s9999||||xx |||||||||||||| ||und||
040 _aJO-AjNU
_bara
_erda
_cJO-AjNU
041 _aara
050 1 4 _aBP134.H4.J87 2007
100 3 _aتاليف الجوراتي، ابي العالي محمد بن يوسف؛ تقديم محمد ابراهيم شقرة واآخرون؛ مراجعة عمر سليمان الاشقر,
_eauthor
_938581
245 0 0 _aالرقية الشرعية من الكتاب والسنة النبوية
250 _aط1
264 3 1 _aعمان: دار النفائس للنشر والتوزيع، 2007
300 _a237ص
336 _atext
_btxt
_2rdacontent
337 _aunmediated
_bn
_2rdamedia
338 _avolume
_bnc
_2rdacarrier
650 4 _aالرقية الشرعية - العلاج بالقران
_938582
999 _aA16221
_c19789
_d19789